| 000 | 00609nam a22002057a 4500 | ||
|---|---|---|---|
| 010 | _aA-248339 | ||
| 020 | _a0273085344 | ||
| 035 | _aA-248339 | ||
| 037 | _bCen Lib / Ret | ||
| 040 |
_aDPL _bEN |
||
| 082 |
_a333.7 _bLON |
||
| 245 |
_aLong-term energy resources / _cby R F Meyer [and] J C Olson |
||
| 260 |
_aBoston _bPitman _c1979 |
||
| 270 |
_aPitman _bBoston |
||
| 300 |
_a(v 2. 733-1478p) _c27cm(Hb) |
||
| 650 | _aEnergy industries -- Congresses. | ||
| 650 | _a Energy development -- Congresses. Energy development. | ||
| 700 | _aOlson, J. C. | ||
| 942 |
_2ddc _cEN _h333.7 _mLON |
||
| 999 |
_c137114 _d137114 |
||